000 00386cam a2200157ua 4500
020 _a97881-203-2151-9
082 _a627.5
_bWUR/WA
100 _aWurbs, Ralph A .
_9464
100 _aJames,Wesley.P
_9465
245 _aWater resources engineering /
250 _a1 /
260 _aNew Delhi :
_bPHI Learning Pvt Ltd. ,
_c2013
300 _a828 ; .
500 _a* CSS
942 _cBK
999 _c1437
_d1437